| 000 | 01030nam a2200265 i 4500 | ||
|---|---|---|---|
| 003 | EG-ScBUE | ||
| 005 | 20231220121451.0 | ||
| 008 | 110815s1950 xx af b 000 0 ara d | ||
| 040 |
_aEG-ScBUE _bara _erda _cEG-ScBUE _dEG-ScBUE |
||
| 043 | _af-ua--- | ||
| 082 | 0 | 4 |
_222 _a962.04 _bو ح ي |
| 100 | 1 |
_926724 _aوحيدة، صبحي، _eمؤلف. |
|
| 245 | 1 | 0 |
_aفي أصول المسألة المصرية / _cصبحي وحيدة. |
| 250 | _bطبعة جديدة منقحة. | ||
| 264 | 1 |
_a[مكان النشر غير محدد] : _b[اسم الناشر غير محدد]، _c[1950] |
|
| 300 |
_a356 صفحة ؛ _c24 سم |
||
| 336 |
_2rdacontent _aنص _btxt |
||
| 337 |
_aبدون وسيط _2rdamedia _bn |
||
| 338 |
_aمجلد _bnc _2rdacarrier |
||
| 504 | _aيشتمل على إرجاعات ببليوجرافية. | ||
| 651 | 7 |
_2BUEsh _aمصر _xأحوال سياسية _yالعصر الحديث _yالاحتلال البريطاني (1882-1956 م.). |
|
| 653 | _cAugust2011 | ||
| 655 | _vReading book | ||
| 942 |
_2ddc _cBB |
||
| 999 |
_c15843 _d15843 |
||